| 000 | 00534nam a2200217 a 4500 | ||
|---|---|---|---|
| 001 | BRL_31 | ||
| 005 | 20190320210546.0 | ||
| 008 | 750725s1956####nyua######---#000-0#eng-# | ||
| 040 |
_aDLC _cFM _dUk |
||
| 041 | _aeng | ||
| 044 | _anyu | ||
| 050 | 4 |
_aTR146 _b.P46 1956 |
|
| 245 | 1 | 0 | _aPhotography handbook. |
| 260 |
_aNueva York _bFawcett Publications _c1956 |
||
| 300 |
_a144 p. _bil. _c24 cm. |
||
| 440 | 0 |
_aFawcett book _v327 _922698 |
|
| 500 | _aAu17 | ||
| 650 | 1 | 4 |
_aFotografĂa _vManuales _922699 |
| 902 | _aGRL | ||
| 942 |
_2lcc _cB |
||
| 999 |
_c8844 _d8844 |
||